Electrónica industrial / (Registro nro. 85917)

Detalles MARC
000 -LEADER
campo de control de longitud fija 00452nam a2200157 i 4500
001 - NÚMERO DE CONTROL
campo de control 85917
003 - IDENTIFICADOR DE NÚMERO DE CONTROL
campo de control ES-MaACL
007 - CAMPO FIJO DE DESCRIPCIÓN FÍSICA--INFORMACIÓN GENERAL
campo de control de longitud fija t|
008 - DATOS DE LONGITUD FIJA--INFORMACIÓN GENERAL
campo de control de longitud fija 041202s1971 xxr ||||1| spa d
100 1# - ENTRADA PRINCIPAL--NOMBRE DE PERSONA
Nombre de persona Kaganov, I. L.
9 (RLIN) 67405
245 10 - MENCIÓN DEL TÍTULO
Título Electrónica industrial /
Mención de responsabilidad, etc. I.L. Kaganov ; traducido del ruso por A. Grdian.
260 ## - PUBLICACIÓN, DISTRIBUCIÓN, ETC.
Lugar de publicación, distribución, etc. Moscú :
Nombre del editor, distribuidor, etc. Mir,
Fecha de publicación, distribución, etc. 1971.
300 ## - DESCRIPCIÓN FÍSICA
Extensión 509 p. :
Otras características físicas il. ;
Dimensiones 25 cm.
700 1# - ENTRADA AGREGADA--NOMBRE PERSONAL
Nombre de persona Grdian, A.
9 (RLIN) 59814
852 ## - LOCALIZACIÓN
Ubicación ES-MaACL
Número de control de estantería E-5276
Sublocalización o colección R.89478
Existencias
Estatus retirado Estado de pérdida Estado de daño No para préstamo Biblioteca de origen Biblioteca actual Ubicación en estantería Fecha de adquisición Fuente de adquisición Total de préstamos Signatura topográfica completa Código de barras Visto por última vez Precio de reemplazo Tipo de ítem Koha
        Biblioteca del Ateneo de Madrid Biblioteca del Ateneo de Madrid Depósito 2 17/01/2008     E-5276 1089782 23/02/2023 23/02/2023 Libro impreso